<?xml version="1.0" encoding="UTF-8"?><?xml-stylesheet type="text/xsl" href="static/style.xsl"?><OAI-PMH xmlns="http://www.openarchives.org/OAI/2.0/" xmlns:xsi="http://www.w3.org/2001/XMLSchema-instance" xsi:schemaLocation="http://www.openarchives.org/OAI/2.0/ http://www.openarchives.org/OAI/2.0/OAI-PMH.xsd"><responseDate>2026-04-13T07:22:45Z</responseDate><request verb="GetRecord" identifier="oai:www.recercat.cat:10459.1/59185" metadataPrefix="marc">https://recercat.cat/oai/request</request><GetRecord><record><header><identifier>oai:recercat.cat:10459.1/59185</identifier><datestamp>2024-12-05T22:17:22Z</datestamp><setSpec>com_2072_3622</setSpec><setSpec>col_2072_479130</setSpec></header><metadata><record xmlns="http://www.loc.gov/MARC21/slim" xmlns:dcterms="http://purl.org/dc/terms/" xmlns:xsi="http://www.w3.org/2001/XMLSchema-instance" xmlns:doc="http://www.lyncode.com/xoai" xsi:schemaLocation="http://www.loc.gov/MARC21/slim http://www.loc.gov/standards/marcxml/schema/MARC21slim.xsd">
   <leader>00925njm 22002777a 4500</leader>
   <datafield ind2=" " ind1=" " tag="042">
      <subfield code="a">dc</subfield>
   </datafield>
   <datafield ind2=" " ind1=" " tag="720">
      <subfield code="a">Vaquero Tió, Eduard</subfield>
      <subfield code="e">author</subfield>
   </datafield>
   <datafield ind2=" " ind1=" " tag="720">
      <subfield code="a">Ius, Marco</subfield>
      <subfield code="e">author</subfield>
   </datafield>
   <datafield ind2=" " ind1=" " tag="720">
      <subfield code="a">Milani, Paola</subfield>
      <subfield code="e">author</subfield>
   </datafield>
   <datafield ind2=" " ind1=" " tag="720">
      <subfield code="a">Balsells, M. Àngels</subfield>
      <subfield code="e">author</subfield>
   </datafield>
   <datafield ind2=" " ind1=" " tag="260">
      <subfield code="c">2017-02-03T15:56:59Z</subfield>
   </datafield>
   <datafield ind2=" " ind1=" " tag="260">
      <subfield code="c">2017-02-03T15:56:59Z</subfield>
   </datafield>
   <datafield ind2=" " ind1=" " tag="260">
      <subfield code="c">2016</subfield>
   </datafield>
   <datafield ind2=" " ind1=" " tag="520">
      <subfield code="a">Escasa atención están recibiendo algunas investigaciones nacionales e internacionales realizadas en&#xd;
el ámbito de la intervención sociofamiliar y el uso de medios tecnológicos. En esta comunicación&#xd;
se muestra una revisión de experiencias teórico-prácticas presentes en la literatura científica con el&#xd;
objetivo de analizar los retos y oportunidades que supone el uso de la tecnología en el ámbito de la&#xd;
educación y el trabajo social. Concretamente la revisión permitió agrupar experiencias de uso de&#xd;
las TIC presentes en la literatura científica en algunas temáticas: en el diseño, implementación y&#xd;
evaluación de programas socioeducativos familiares, la promoción del soporte social, la resiliencia o&#xd;
la parentalidad positiva. Evidencias en la literatura realizadas por distintos autores ejemplifican las&#xd;
posibilidades prácticas del uso de la tecnología en el ámbito sociofamiliar. Finalmente, se introducen&#xd;
dos herramientas que facilitan a equipos de profesionales el diseño, seguimiento y evaluación de&#xd;
planes de trabajo familiar y la recogida de la voz de los niños y los padres.</subfield>
   </datafield>
   <datafield ind2=" " ind1=" " tag="520">
      <subfield code="a">Little attention are getting some national and international research in the field of social and family&#xd;
intervention and the use of technological resources. This paper shows a review of theoretical and&#xd;
practical experiences present in the scientific literature with the aim of analyzing the challenges and&#xd;
opportunities posed by the use of technology in the field of education and social work. Specifically&#xd;
the review allow grouping experiences of ICT uses on some themes: in the design, implementation&#xd;
and evaluation of family social and educational programs, promotion of social support, resilience or&#xd;
positive parenting. Evidence in the literature made by various authors illustrate the practical possibilities&#xd;
of the use of technology in the social and family environment. Finally, two tools that make it easy&#xd;
for teams to professionals design, monitoring and evaluation of family work plans and collecting the&#xd;
voice of children and parents are introduced.</subfield>
   </datafield>
   <datafield ind1="8" ind2=" " tag="024">
      <subfield code="a">http://hdl.handle.net/10459.1/59185</subfield>
   </datafield>
   <datafield tag="653" ind2=" " ind1=" ">
      <subfield code="a">Intervención sociofamiliar</subfield>
   </datafield>
   <datafield tag="653" ind2=" " ind1=" ">
      <subfield code="a">Tecnología</subfield>
   </datafield>
   <datafield tag="653" ind2=" " ind1=" ">
      <subfield code="a">Revisión de la literatura</subfield>
   </datafield>
   <datafield tag="653" ind2=" " ind1=" ">
      <subfield code="a">App</subfield>
   </datafield>
   <datafield tag="653" ind2=" " ind1=" ">
      <subfield code="a">Android</subfield>
   </datafield>
   <datafield tag="653" ind2=" " ind1=" ">
      <subfield code="a">Family intervention</subfield>
   </datafield>
   <datafield tag="653" ind2=" " ind1=" ">
      <subfield code="a">Technology</subfield>
   </datafield>
   <datafield tag="653" ind2=" " ind1=" ">
      <subfield code="a">Literature review</subfield>
   </datafield>
   <datafield tag="653" ind2=" " ind1=" ">
      <subfield code="a">Intervenció social</subfield>
   </datafield>
   <datafield tag="653" ind2=" " ind1=" ">
      <subfield code="a">Tecnologia educativa</subfield>
   </datafield>
   <datafield ind2="0" ind1="0" tag="245">
      <subfield code="a">Una revisión de la literatura sobre el uso de las TIC en el ámbito de la intervención sociofamiliar</subfield>
   </datafield>
</record></metadata></record></GetRecord></OAI-PMH>